Comunicación digital (Record no. 1898)
[ view plain ]
| 000 -LEADER | |
|---|---|
| campo de control de longitud fija | 01060nmm a2200253 a 4500 |
| 003 - IDENTIFICADOR DE NÚMERO DE CONTROL | |
| campo de control | AR-BaBNM |
| 005 - FECHA Y HORA DE LA ÚLTIMA TRANSACCIÓN | |
| campo de control | 20251128203112.0 |
| 008 - DATOS DE LONGITUD FIJA--INFORMACIÓN GENERAL | |
| campo de control de longitud fija | 206020s2006 ||||||||||||||000 | mul|| |
| 020 ## - NÚMERO INTERNACIONAL ESTÁNDAR DEL LIBRO | |
| Número Internacional Estándar del Libro | 10-84-934995-0-1 |
| 040 ## - FUENTE DE CATALOGACIÓN | |
| Centro/agencia transcriptor | AR-BaBNM |
| 245 10 - MENCIÓN DEL TÍTULO | |
| Título | Comunicación digital |
| Resto del título | competencias profesionales y desafíos académicos = Comunicacao digital : competencias profissionais e desafios académicos = Comunicació digital : competències professionals i reptes acadèmics = Digital communication : professional skills and academic challenges |
| 250 ## - MENCION DE EDICION | |
| Mención de edición | 1ª ed. |
| 260 ## - PUBLICACIÓN, DISTRIBUCIÓN, ETC. | |
| Lugar de publicación, distribución, etc. | [S.l.] |
| Nombre del editor, distribuidor, etc. | ICOD |
| Fecha de publicación, distribución, etc. | 2006 |
| 300 1# - DESCRIPCIÓN FÍSICA | |
| Extensión | 83, 83 p. |
| Material acompañante/anejo | 1 CD-ROM |
| 500 0# - NOTA GENERAL | |
| Nota general | Solicitar el CD-ROM en Mediateca |
| 650 #4 - PUNTO DE ACCESO ADICIONAL DE MATERIA--TÉRMINO DE MATERIA | |
| Término de materia o nombre geográfico como elemento de entrada | COMUNICACION |
| 653 #0 - TÉRMINO DE INDIZACIÓN--NO CONTROLADO | |
| Término no controlado | COMUNICACION DIGITAL |
| 710 2# - ENTRADA AGREGADA--NOMBRE DE ENTIDAD CORPORATIVA | |
| Nombre de entidad corporativa o nombre de jurisdicción como elemento de entrada | Red ICOD |
| 740 0# - ENTRADA AGREGADA--TÍTULO RELACIONADO/ANALÍTICO NO CONTROLADO | |
| Título relacionado o analítico no controlado | Comunicacao digital : competencias profissionais e desafios académicos |
| 740 0# - ENTRADA AGREGADA--TÍTULO RELACIONADO/ANALÍTICO NO CONTROLADO | |
| Título relacionado o analítico no controlado | Comunicació digital : competències professionals i reptes acadèmics |
| 740 0# - ENTRADA AGREGADA--TÍTULO RELACIONADO/ANALÍTICO NO CONTROLADO | |
| Título relacionado o analítico no controlado | Digital communication : professional skills and academic challenges |
| 942 ## - ELEMENTOS DE ENTRADA SECUNDARIOS (KOHA) | |
| Tipo de ítem Koha | Libros |
| 998 ## - INFORMACIÓN DE CONTROL LOCAL (RLIN) | |
| Iniciales del catalogador, CIN (RLIN) | alexandra |
| Estatus retirado | Estado de pérdida | Fuente de la clasificación o esquema de estantería | Estado de daño | Restricciones de uso | No para préstamo | Biblioteca de origen | Biblioteca actual | Fecha de adquisición | Total de préstamos | Signatura topográfica completa | Código de barras | Visto por última vez | Precio de reemplazo | Tipo de ítem Koha |
|---|---|---|---|---|---|---|---|---|---|---|---|---|---|---|
| Clasificación Decimal Dewey | Acceso restringido | No para préstamo | Liberty | Liberty | 28/11/2025 | 316.77 ICOD | 136731 | 28/11/2025 | 28/11/2025 | Libros |